লোডিং...

Constitutional history of India 1765-1975

গ্রন্থ-পঞ্জীর বিবরন
প্রধান লেখক: Kapur, Anup Chand
বিন্যাস: Printed Book
প্রকাশিত: New Delhi S Chand & Co. Ltd. 1976
সংস্করন:2 edition
বিষয়গুলি:
LEADER 00484nam a2200157 4500
082 |a 342.54 KAP-C2 
100 |a Kapur, Anup Chand 
245 |a Constitutional history of India 1765-1975 
250 |a 2 edition 
260 |a New Delhi  |b S Chand & Co. Ltd.  |c 1976 
300
490
650 |a Constitution of India 
942 |c BK 
999 |c 221004  |d 221004 
952 |0 0  |1 0  |4 0  |6 342_540000000000000_KAPC2  |7 0  |9 235137  |a SDE  |b SDE  |d 2019-12-12  |l 0  |o 342.54 KAP-C2  |p SDE289  |r 2019-12-12  |w 2019-12-12  |y BK